TV Friendships II Quiz Stats

 Plays Quiz Updated Apr 22, 2018

Also try: TV Friendships
Challenge
Share
Tweet
Embed
Score 0/20 Timer 05:00
0 Plays Today
Friend #1 TV Show % Correct
ErnieSesame Street
91.3%
BartThe Simpsons
87.4%
ScreechSaved by the Bell
78.1%
NormCheers
77.8%
HawkeyeM*A*S*H
73.6%
RoseGolden Girls
72.3%
TimHome Improvement
69.9%
TommyRugrats
64.8%
FelixThe Odd Couple
61.5%
PeterFamily Guy
53%
Friend #1 TV Show % Correct
MeredithGrey's Anatomy
51.1%
RickThe Walking Dead
48.3%
LennyLaverne and Shirley
48.2%
JoThe Facts of Life
46.2%
TroyCommunity
41.9%
LeslieParks and Recreation
40.3%
DonMad Men
38.8%
AlexFamily Ties
37.1%
GusPsych
26.5%
CharlieIt's Always Sunny in Philadelphia
23.8%

You're not logged in!

Compare scores with friends on all Sporcle quizzes.
OR
Log In

You Might Also Like...

Show Comments

Extras

Top Quizzes Today


Score Distribution

Your Account Isn't Verified!

In order to create a playlist on Sporcle, you need to verify the email address you used during registration. Go to your Sporcle Settings to finish the process.

Report this User

Report this user for behavior that violates our Community Guidelines.

Details: